000 00833nmm a2200265 a 4500
001 ocm0001916999
003 TR-IsHL
005 20201028173026.0
008 180510s2017 tu tur
007 cr cn
020 _a9786059530071
035 _a1916999
_b(N$T)
050 0 4 _aPL248.Ö93
_bA56 2017
090 0 4 _aPL248.Ö93
_bA56 2017
100 1 _aÖzdem, Oğuz
245 1 0 _aAnne n'olur artık ağlama
_h[electronic resource] /
_cOğuz Özdem
260 _aİstanbul :
_bSalon Yayınları,
_c2017
300 _a65 p.
650 4 _aDil ve Edebiyat
650 4 _aLanguage and Literature
650 0 _aTürk romanı
650 0 _aTurkish fiction
650 7 _aLITERARY COLLECTIONS / Middle Eastern
_2bisacsh
856 4 0 _uhttp://search.ebscohost.com/login.aspx?direct=true&scope=site&db=e011xww&AN=1916999
999 _c17494
_d17494